000 00505nam a2200157Ia 4500
008 100122s9999 xx 000 0 und d
082 _b76900
_a150
100 _aजोगदेव प्रमोद
245 _aसकारात्मक विचारांसाठी
250 _a1
260 _c2009
300 _a176
630 _aसकारात्मक विचारांसाठी
730 _aसकारात्मक विचारांसाठी
942 _cBOOK
999 _c393787
_d393784